| 000 | 00728nam a22002297a 4500 | ||
|---|---|---|---|
| 003 | OSt | ||
| 005 | 20230914153704.0 | ||
| 008 | 221006b |||||||| |||| 00| 0 eng d | ||
| 040 | _cBiblioteca Lado V | ||
| 082 |
_a779 _bC352p |
||
| 100 |
_91063 _aCastillo, Moisés _eautor |
||
| 245 | _aPunto de Fuga/ | ||
| 260 |
_aEl Salvador _bCentro Cultural España _c2008 |
||
| 300 |
_c17x17cm _a32p. |
||
| 366 | _espa | ||
| 650 |
_2Tesauro de Arte & Arquitectura _aARTE _9703 |
||
| 650 |
_2Tesauro de Arte & Arquitectura _aCATALOGO _9702 |
||
| 650 |
_2Tesauro de Arte & Arquitectura _aFOTOGRAFIA _9702 |
||
| 700 |
_aAragón, Andrea _eautor |
||
| 700 |
_aSebastian, Sandra _eautor |
||
| 942 |
_2ddc _c1 _h779 _iC352p _n0 |
||
| 999 |
_c4332 _d4332 |
||